Normal view MARC view

Entry Personal Name

Number of records used in: 1

001 - CONTROL NUMBER

  • control field: 11652

003 - CONTROL NUMBER IDENTIFIER

  • control field: OSt

005 - DATE AND TIME OF LATEST TRANSACTION

  • control field: 20220918112027.0

008 - FIXED-LENGTH DATA ELEMENTS

  • fixed length control field: 220918|| aca||aabn | a|a d

040 ## - CATALOGING SOURCE

  • Original cataloging agency: OSt
  • Transcribing agency: OSt

100 ## - HEADING--PERSONAL NAME

  • Personal name: मिश्र, रामचन्द्र, व्याख्

670 ## - SOURCE DATA FOUND

  • Source citation: Work cat.: (OSt)117948: मिश्र, रामचन्द्र, व्याख्, कादम्बरी: महाकवि बाणभट्ट विरचित, 1973
Copyright @ Delhi University Library System